000 00691nam a2200217 4500
003 OSt
005 20240627023839.0
006 a
008 240627b |||||||| |||| 00| 0 eng d
020 _a9789713013200
040 _aDWCL-HMN lib.
_cOC
082 _2Sixth edition
_aCirc. 613.2 J32b 2010
100 _aJamorabo-Ruiz, Adela
245 _aBasic nutrition for Filipinos : enlarged for metabolism /
250 _aSixth edition
260 _aManila :
_bMerriam & Webster Bookstore, Inc. ,
_cc2010.
300 _axvi,
_b635 p. : ill. ;
_c26 cm.
504 _aIncludes bibliographical references & index.
650 _a1. Nutrition.
942 _2ddc
_n0
_cBK-CIRC
_eSixth edition
_kCirc.
999 _c1461
_d1461